Cristóbal Colón / (Record no. 88543)

MARC details
000 -LEADER
campo de control de longitud fija 00676nam a2200217 i 4500
001 - NÚMERO DE CONTROL
campo de control 88543
003 - IDENTIFICADOR DE NÚMERO DE CONTROL
campo de control ES-MaACL
005 - FECHA Y HORA DE LA ÚLTIMA TRANSACCIÓN
campo de control 20240522063038.0
007 - CAMPO FIJO DE DESCRIPCIÓN FÍSICA--INFORMACIÓN GENERAL
campo de control de longitud fija t|
008 - DATOS DE LONGITUD FIJA--INFORMACIÓN GENERAL
campo de control de longitud fija 050104s1889 sp ||||1| spa d
100 1# - ENTRADA PRINCIPAL--NOMBRE DE PERSONA
Nombre de persona Lamartine, Alphonse de,
Fechas asociadas al nombre 1790-1869
9 (RLIN) 69776
245 10 - MENCIÓN DEL TÍTULO
Título Cristóbal Colón /
Mención de responsabilidad, etc. Lamartine ; versión de José Comas.
260 ## - PUBLICACIÓN, DISTRIBUCIÓN, ETC.
Lugar de publicación, distribución, etc. Barcelona :
Nombre del editor, distribuidor, etc. [s.n.],
Fecha de publicación, distribución, etc. 1889.
300 ## - DESCRIPCIÓN FÍSICA
Extensión 188 , [4] p. ;
Dimensiones 15 cm.
490 1# - MENCIÓN DE SERIE
Mención de serie Biblioteca del siglo XIX
600 04 - PUNTO DE ACCESO ADICIONAL DE MATERIA--NOMBRE DE PERSONA
Nombre de persona Colón, Cristóbal-
Subdivisión general Biografías.
9 (RLIN) 39871
700 1# - ENTRADA AGREGADA--NOMBRE PERSONAL
Nombre de persona Comas, José.
9 (RLIN) 39935
830 0# - PUNTO DE ACCESO ADICIONAL DE SERIE-TÍTULO UNIFORME
Título uniforme Biblioteca del siglo XIX
9 (RLIN) 184061
852 ## - LOCALIZACIÓN
Ubicación ES-MaACL
Número de control de estantería T-612-F-2
Holdings
Estatus retirado Estado de pérdida Estado de daño No para préstamo Colección Biblioteca de origen Biblioteca actual Ubicación en estantería Fecha de adquisición Fuente de adquisición Total de préstamos Signatura topográfica completa Código de barras Visto por última vez Precio de reemplazo Tipo de ítem Koha
        Colección de folletos Biblioteca del Ateneo de Madrid Biblioteca del Ateneo de Madrid Depósito folletos 17/01/2008     T-612-F-2 1092488 23/02/2023 23/02/2023 Folleto